000 00550nam a22001457a 4500
003 0
005 20221028095815.0
008 221028b xxu||||| |||| 00| 0 eng d
050 _aHD7287
_b.B36 2020
245 _aPerception of passengers towards passenger and baggage security procedures at ninoy aquino international airport (NAIA) terminal 3
_cBalbir S. Bansal
260 _aLas Pinas City, Philippines
_bSouthville International School and Colleges
_cC2020
300 _avi,53pp.
_c28cm.
_fTheses
500 _aSecurity procedures.
942 _2lcc
_cTH
999 _c364874
_d364874